LEADER 01597nam a2200373 u 4500 001 000000042994 003 CaOOAMICUS 005 20070226114404.0 008 990315s1983 it u000 u ita u 035 $a10817311 040 $aPUL(R)$bita 100 1 $aWeber, Max,$d1864-1920.$0(OLS)http://pul/name/4284 240 10$aProtestantische Ethik und der Geist des Kapitalismus in Gesammelte Aufsätze zur Religionssoziologie.$lItaliano.$0(OLS)http://pul/title/57989 245 12$aL'etica protestante e lo spirito del capitalismo /$cMax Weber. 250 $a[4. ed.] 260 $aFirenze :$bSansoni,$cc1983. 300 $a308 p. ;$c20 cm 490 1 $aNuovi saggi 500 $aTraduzione dal tedesco di Piero Burresi. 504 $aBibliografia in nota. 650 4$aProtestantesimo.$0(OLS)http://pul/subject/447 650 4$aChiese protestanti e capitalismo.$0(OLS)http://pul/subject/4786 650 4$aEtica cristiana.$0(OLS)http://pul/subject/1395 650 4$aCapitalismo.$0(OLS)http://pul/subject/7257 650 4$aSociologia cristiana.$0(OLS)http://pul/subject/1594 830 0$aNuovi saggi (Sansoni).$0(OLS)http://pul/title/57991 850 $aPUL 852 $aPUL$W1$xDP1 Cons. Gen., Altre Classi 1$y22$m46 C 51$j57977$nBK-PRI$b $qStampati$B57977$CPULBib$Z2$F57977 $H $81 941 1 $a8 960 $aRiforma$9447 960 $aRiforma$9447 961 $aINV: 52422 996 $6245$aL'etica protestante e lo spirito del capitalismo$9(OLS)http://pul/title/57990 996 $6260$aFirenze :$bSansoni$9(OLS)http://pul/publisher/47896 LEADER 01363nam a2200301 a 4500 001 000000129776 003 CaOOAMICUS 005 20120724091714.0 008 120724s2012 vc u000 u ita r 020 $a978-88-465-0812-6 040 $aPUL$bita 082 04$a261.05 245 00$aFormare sacerdoti per il terzo millennio :$briflessioni a vent'anni dalla Pastores dabo vobis /$cMarco Cardinali (ed.) 260 $aCittà del Vaticano :$bLateran University Press,$c©2012. 300 $a164 p. ;$c20 cm. 490 1 $aStrumenti ;$v14 650 4$aTeologia pastorale$xFormazione.$0(OLS)http://pul/subject/38130 700 1 $aCardinali, Marco.$0(OLS)http://pul/name/64200 830 0$aStrumenti (Lateran University Press) ;$v14.$0(OLS)http://pul/title/139772 850 $aPUL 852 $aPUL$W1$xSL Religione 3$y85$m261. 05 COLL 1.14$j150234$qDDC 21$B148802$CPULBib$Z2$F148802 $H120585 $82 941 1 $a9 983 0$aStrumenti (LUP) 996 $6020$a978-88-465-0812-6$9(OLS)http://pul/number/150361 996 $6082$a261.05$9(OLS)http://pul/classification/1658 996 $6245$aFormare sacerdoti per il terzo millennio :$briflessioni a vent'anni dalla Pastores dabo vobis$9(OLS)http://pul/title/164040 996 $6260$aCittà del Vaticano :$bLateran University Press$9(OLS)http://pul/publisher/74585